| 000 | 00396cam a2200145ua 4500 | ||
|---|---|---|---|
| 003 | OSt | ||
| 008 | 250101b |||||||| |||| 00| 0 eng d | ||
| 041 | _aeng | ||
| 082 |
_a621.3678 _bJEN/RE |
||
| 100 |
_aJensen, John R . _9424 |
||
| 245 | _aRemote sensing of the environment: An earth resource perspective / | ||
| 260 |
_a : _bPearson Education Asia , _c2004. |
||
| 300 | _a544 ; . | ||
| 942 | _cBK | ||
| 999 |
_c12278 _d12278 |
||